LDR 00814naa#a2200205#i#450# 001 EN\FGKOU VO SPBU MVD ROSSII\bibl\114708 005 20260701173224.3 011 ## _a2071-8284 100 ## _a20260630b2026####ek#y0engy0150####ca 101 0# _aRUS 102 ## _aRU 200 1# _aCase study and cloud technology in teaching behavioural disciplines at a higher educational institution of the Russian Ministry of the Interior _eJournal article 210 1# _aSt. Petersburg _cSAINT-PETERSBURG UNIVERSITY OF THE MINISTRY OF INTERNAL AFFAIRS OF THE RUSSIAN FEDERATION _d2026 215 ## _a12 с. 608 ## _aJournal article _2local 675 ## _aНаучные эксперименты. 371.385.3 _zRUS 700 #1 _aKomlev _gYuriy Yurevich 700 #1 _aEnikeeva _gSufiya Zagitovna 700 #1 _aRyabtseva _gOlga Nikolaevna 856 4# _aepinb.ru _u